Deutschland Quiz - Statistiken

Allgemein
  • Dieses Quiz wurde 598 mal gespielt
    195 seit der letzten Aktualisierung
  • Das Durchschnittsergebnis liegt bei 25 aus 31
Antwortstatistiken
Frage Antwort % Korrekt
Wie viele Bundesländer hat Deutschland? 16
100%
Welche Stadt ist die Hauptstadt von Deutschland? Berlin
99%
An wie viele Nachbarstaaten grenzt Deutschland? 9
97%
Welche deutsche Stadt gilt als „europäisches Finanzzentrum“? Frankfurt
97%
Welche ist die bevölkerungsreichste Stadt in Deutschland? Berlin
96%
Welche Stadt gilt als eines der bedeutendsten Zentren der Automobilindustrie weltweit? Stuttgart / Wolfsburg
96%
Welche politischen Parteien gibt es in Deutschland? (Eine reicht) CDU / SPD / Grüne / Die Linke / AFD / FDP
95%
Welches Kfz-Kennzeichen hat Deutschland? D
95%
Welche Währung gilt in Deutschland? Euro / €
95%
Wie oft wurde die deutsche Fußballnationalmannschaft Weltmeister? 4 / vier
94%
Wie heißt der längste Fluss Deutschlands? Rhein
94%
Wie heißt die älteste politische Partei in Deutschland? SPD
94%
Wie viele Einwohner hat Deutschland 2024? (Auf Millionen gerundet) 84 / 84 Millionen
93%
Wer ist der Regierungschef Deutschlands (Bundeskanzler)? Friedrich Merz
93%
Deutschland ist Mitglied welches Verteidigungsbündnisses? NATO
93%
Welches ist das bevölkerungsreichste Bundesland Deutschlands? Nordrhein-Westfalen / NRW
93%
Welches ist Deutschlands größtes Nachbarland (nach Fläche)? Frankreich
92%
Wie hieß der erste Bundeskanzler der Bundesrepublik Deutschland (1949)? Konrad Adenauer
92%
Wie heißt der höchste Berg Deutschlands? Zugspitze
92%
In welchem Jahr wurde die Bundesrepublik Deutschland gegründet? 1949
91%
In welcher Stadt befand sich der Sitz des deutschen Bundestages vor 1999? Bonn
89%
Welches Zahlungsmittel galt vor 2002 in der Bundesrepublik? Deutsche Mark
89%
In welcher Stadt befindet sich der größte deutsche Flughafen? Frankfurt
89%
In welchem Jahr wurde die Hauptstadt ernannt? 1990
86%
Wer ist das Staatsoberhaupt Deutschlands (Bundespräsident)? Frank-Walter Steinmeier
85%
Wie heißt das größte deutsche Stadion? Signal Iduna Park
54%
In welchem Jahr entstand erstmals ein „deutscher Nationalstaat“? 1871
43%
Welche Staatsform hat die Bundesrepublik Deutschland? Parlamentarismus / parlamentarisch
41%
Zu welcher Klimazone gehört Deutschland? Gemäßigte Zone
33%
Wer war das erste demokratisch legitimierte Staatsoberhaupt der deutschen Geschichte? Friedrich Ebert
25%
In welcher Stadt hat das Bundesamt für Verfassungsschutz seinen Sitz? Köln
24%
Keine übereinstimmenden Quizze gefunden
Verteilung der Resultate
Anzahl Personen mit jedem Resultat
Perzentil nach korrekt beantworteten Fragen
Ihre Resultats-Entwicklung
Sie haben dieses Quiz seit der letzten Aktualisierung nicht gespielt